000 00451nam a2200157Ia 4500
008 240729s9999 xx 000 0 und d
022 _a2395-0684
245 0 _aWalawalkar International Medical Journal
260 _aIndia
260 _bBKL Walawalkar Rural Medical College & Hospital
650 _a Medicine (General)
650 _aMedicine
856 _uhttps://doaj.org/toc/448c00da443f4c6ca867351e4e8ea6e3
942 _2ddc
942 _cDOAJEJ
999 _c68820
_d68820
945 _a1
_bMadushi Gamage
_c1
_dMadushi Gamage